Logo BPK

Biblioteka

Politechniki Koszalińskiej

Obrót prawny z zagranicą w sprawach cywilnych i karnych : (Rekord nr 43954)

Szczegóły MARC
000 -ETYKIETA REKORDU
podpole kontrolne o stałej długości 01130nam a2200241 i 4500
001 - NUMER KONTROLNY REKORDU
pole kontrolne bg
020 ## - MIĘDZYNARODOWY ZNORMALIZOWANY NUMER KSIĄŻKI - ISBN
ISBN 8373342974
040 ## - ŹRÓDŁO KATALOGOWANIA
Instytucja, która utworzyła rekord BPK
041 1# - KOD JĘZYKA
Kod języka tekstu polengfreger
Kod języka oryginału eng
080 ## - UNIWERSALNA KLASYFIKACJA DZIESIĘTNA - UKD
UKD 341.9:341.4:343.13:347](094.4)
920 ## - Międzynarodowy znormalizowany numer książki – ISBN
ISBN 83-7334-297-4
008 - POLE O STAŁEJ DŁUGOŚCI - DANE KONTROLNE
podpole kontrolne o stałej długości s pl f |000 0 pol
100 1# - NAZWA OSOBOWA
Nazwa osobowa CISZEWSKI, Jan
245 10 - TYTUŁ/ODPOWIEDZIALNOŚĆ
Tytuł Obrót prawny z zagranicą w sprawach cywilnych i karnych :
Ciąg dalszy tytułu przepisy, wzory pism, komunikaty, informacje o aktach prawa wspólnotowego, wykazy umów, informacje o wzajemności, wykazy sądów zagranicznych, placówek dyplomatycznych i konsularnych oraz innych /
Pozostałe elementy strefy tytułu i oznaczenia odpowiedzialności Jan Ciszewski.
250 ## - STREFA WYDANIA
Oznaczenie wydania Wyd. 4 zm., wg stanu prawnego na dzień 1 lutego 2004 roku.
260 ## - STREFA ADRESU WYDAWNICZEGO
Miejsce wydania Warszawa :
Nazwa wydawcy/dystrybutora Wydaw. Prawnicze "LexisNexis",
Data publikacji, dystrybucji/powstania dokumentu 2004.
300 ## - STREFA OPISU FIZYCZNEGO
Objętość 795, [1] s. ;
Rozmiary 21 cm.
500 ## - UWAGI OGÓLNE
Tekst uwagi Tekst częśc. ang., fr., niem. Tekst częśc. tł. z ang.
650 #9 - HASŁO PRZEDMIOTOWE W FORMIE NAZWY OGÓLNEJ LUB JEDNOSTKOWEJ
Nazwa ogólna lub geograficzna Prawo międzynarodowe procesowe
Określnik chronologiczny stan na 2004 r.
650 #9 - HASŁO PRZEDMIOTOWE W FORMIE NAZWY OGÓLNEJ LUB JEDNOSTKOWEJ
Nazwa ogólna lub geograficzna Prawo prywatne międzynarodowe
Określnik chronologiczny stan na 2004 r.
856 ## - LOKALIZACJA I DOSTĘP DO ELEKTRONICZNYCH DOKUMENTÓW ZDALNYCH
Link (URL) http://koha.tu.koszalin.pl/cgi-bin/koha/opac-detail.pl?biblionumber=43954
Tekst linku Katalog online BPK
942 ## - DODATKOWE ELEMENTY (KOHA)
Typ dokumentu Książka
Egzemplarze
Wycofany Status egzemplarza Uszkodzony Dostępność Lokalizacja stała Lokalizacja bieżąca Miejsce przechowywania Sygnatura Kod kreskowy Typ dokumentu
      Dostępny Biblioteka Politechniki Koszalińskiej Biblioteka Politechniki Koszalińskiej Wypożyczalnia BG 70482 02153056 Książka
© 2023 Biblioteka Politechniki Koszalińskiej :: KOHA